Globalization in historical perspective / (Record no. 7424)

MARC details
000 -LEADER
fixed length control field 01546cam a2200337 4500
001 - CONTROL NUMBER
control field 8571
005 - DATE AND TIME OF LATEST TRANSACTION
control field 20181127190255.0
008 - FIXED-LENGTH DATA ELEMENTS--GENERAL INFORMATION
fixed length control field 021007s2003 iluab b 101 0 eng
010 ## - LIBRARY OF CONGRESS CONTROL NUMBER
LC control number 2002075080
020 ## - INTERNATIONAL STANDARD BOOK NUMBER
International Standard Book Number 0226065987 (cloth : alk. paper)
International Standard Book Number 0226065995 (electronic)
082 00 - DEWEY DECIMAL CLASSIFICATION NUMBER
Classification number 337
Edition number 21
100 ## - MAIN ENTRY--PERSONAL NAME
Personal name Bordo, Michael D.
Numeration
Titles and words associated with a name
Dates associated with a name
Relator term editor
Fuller form of name
245 00 - TITLE STATEMENT
Title Globalization in historical perspective /
Statement of responsibility, etc. edited by Michael D. Bordo, Alan M. Taylor, and Jeffrey G. Williamson.
260 ## - PUBLICATION, DISTRIBUTION, ETC.
Place of publication, distribution, etc. Chicago :
Name of publisher, distributor, etc. University of Chicago Press,
Date of publication, distribution, etc. 2003.
300 ## - PHYSICAL DESCRIPTION
Extent ix, 588 p. :
Other physical details ill., maps ;
Dimensions 24 cm.
440 #0 - SERIES STATEMENT/ADDED ENTRY--TITLE
Title National Bureau of Economic Research conference report
500 ## - GENERAL NOTE
General note ""The papers were presented at a preconference at the NBER in Cambridge, Massachusetts, on 16 November 2000, and at a final conference held at the Four Seasons Biltmore Hotel, Santa Barbara, California, on 3-6 May 2001""--Prelim. p. ix.
504 ## - BIBLIOGRAPHY, ETC. NOTE
Bibliography, etc. note Includes bibliographical references and indexes.
650 #0 - SUBJECT ADDED ENTRY--TOPICAL TERM
Topical term or geographic name entry element Globalization
General subdivision Economic aspects
Form subdivision Congresses.
Topical term or geographic name entry element Globalization
General subdivision Social aspects.
Topical term or geographic name entry element International economic integration
Form subdivision Congresses.
Topical term or geographic name entry element International economic relations
Form subdivision Congresses.
Topical term or geographic name entry element International finance
Form subdivision Congresses.
Topical term or geographic name entry element International trade
General subdivision Social aspects
Form subdivision Congresses.
700 1# - ADDED ENTRY--PERSONAL NAME
Personal name Bordo, Michael D.
Personal name Taylor, Alan M.,
Dates associated with a name 1964-
Personal name Williamson, Jeffrey G.,
Dates associated with a name 1935-
710 2# - ADDED ENTRY--CORPORATE NAME
Corporate name or jurisdiction name as entry element National Bureau of Economic Research.
Holdings
Withdrawn status Lost status Source of classification or shelving scheme Damaged status Not for loan Collection code Home library Current library Shelving location Serial Enumeration / chronology Inventory number Total Checkouts Full call number Barcode Date last seen Date last checked out Price effective from Koha item type
    Dewey Decimal Classification     Main TEST RTC Library RTC Library Main opac 12464 1 337 BOR 30013674 18/11/2019 07/11/2019 27/11/2018 Main
Royal Thimphu College || All Right Reserved